South Eastern Kenya University

Library Online Public Access Catalogue


Metal ions in aqueous solution. (Record no. 2155)

MARC details
000 -LEADER
fixed length control field 00321nam a22001331 4500
050 00 - LIBRARY OF CONGRESS CALL NUMBER
Classification Number QD561
Item Number .H8
100 1# - MAIN ENTRY--Author
Personal name Hunt, John P.,
Dates associated with a name 1923-
245 10 - TITLE
Title Metal ions in aqueous solution.
260 ## - PUBLICATION, DISTRIBUTION, ETC.(IMPRINT)
Place of publication, distribution, etc New York,
Name of publisher, distributor, etc W.A. Benjamin,
Date of publication, distribution, etc 1963.
300 ## - PHYSICAL DESCRIPTION
Extent xi, 124 p.
500 ## - GENERALNOTE
General note includes index.
650 #0 - SUBJECT--TOPIC
General subdivision metal ions
942 ## - ADDED ENTRY ELEMENTS(KOHA)
Koha item type General circulation
Holdings
Source of classification or shelving scheme Not for loan Location (home branch) Sublocation (holding branch) Date accessioned Cost, normal purchase price Full call number Barcode Cost, replacement price Koha item type Public note
Library of Congress Classification   Main Campus Library Main Campus Library 27/08/2014 200.00 QD561 .H8 2017/020474 700.00 General circulation jm
Kitui, Kenya.
+254736116989
library@seku.ac.ke